000
00192nam a2200073Ia 4500
008
170817s9999 xx 000 0 und d
100
_a
Johri.Pradeep.Kumar
245
0
_a
Educational Thought
260
_b
Anmol Publications Delhi
999
_c
38885
_d
38885